K wuznamej cyrkwje w Serbach 1932-1992

Titel: K wuznamej cyrkwje w Serbach 1932-1992
Verfasser:
In: Rozhlad, Band 42, Heft 7-8 (1992), Seite 261-265
alle Artikel anzeigen
Veröffentlicht: 1992
Format: Aufsatz
Sprache: Sorbisch
Kein Bild verfügbar
X
alg: 39466582
001A    $01999:12-11-16 
001B    $01999:01-06-17 $t17:59:03.000 
001D    $01999:12-11-16 
001U    $0utf8 
001X    $00 
002@    $0Aox 
003@    $0394665821 
007A    $0394665821 $aHEB 
007T    $0Herdww001256 
010@    $awen 
011@    $a1992 
021A    $aK wuznamej cyrkwje w Serbach 1932-1992 
028A    $aSalowski $dMěrćin 
031A    $d42 $e7-8 $h261-265 $j1992 
039B    $aIn $8--Abvc--. Rozhlad. - Bautzen : Domowina, 1950-. - ISSN 0557-4250 $x199200000420007739 $9047452528 

lok: 39466582 78

exp: 39466582 78 1 #EPN
201B/01 $020-05-19 $t22:53:20.000 
201U/01 $0utf8 
203@/01 $0790776316 
208@/01 $a12-11-16 $be 
209A/01 $a/ $f000 $x00 
220C/01 $aTitelaufnehmer: TJ 
244Z/01 $2Trx $#Silesia $#Śląsk $#Sliezsko $#Slezsko $8--Trx--Schlesien $x01 $9391173987 
244Z/01 $#Nördliche Lausitz $#Lausitz, Nord $#Markgrafthum Nieder-Lausitz $#Niederlausitz, Landes-Versammlung $#Landes-Versammlung Niederlausitz $#Markgraftum Niederlausitz $74042205-7 $8--Tg1--Niederlausitz $x02 $908511653X 
244Z/01 $#Lausitz, Süd $#Südliche Lausitz $74042942-8 $8--Tg1--Oberlausitz $x03 $9085119431 
244Z/01 $aGeschichte 1932-1992 $x04 
244Z/01 $2Trx $#kirik, Rooma-Katoliku $#bažnyčia, Romos katalikų $#Church, Roman-Catholic $#Római katolikus templom $#kościół rzymskokatolicki $#cirkev rímsko-katolícka $#církev římsko-katolická $8--Trx--Kirche, römisch-katholische $x05 $9391382845 
244Z/01 $2Trx $8--Trx--Zeitschriftenaufsatz $x06 $9391384341 
247C/01 $82080>Marburg/Lahn, Herder-Institut, Forschungsbibliothek, Bibliographieportal $9336309341
LEADER 00000caa a22000002c 4500
001 394665821
003 DE-603
005 20170601175903.0
007 tu
008 161112s1992 xx |||| | u00||u|wen c
035 |a (DE-599)HEB394665821 
040 |a DE-603  |b ger  |c DE-603  |d DE-603 
041 |a wen 
100 1 |a Salowski, Měrćin 
245 0 0 |a K wuznamej cyrkwje w Serbach 1932-1992 
264 0 |c 1992 
773 0 8 |i In  |t Rozhlad  |d Bautzen : Domowina, 1950-  |h 24 cm  |x 0557-4250  |g Band 42, Heft 7-8 (1992), Seite 261-265  |w (DE-603)047452528  |w (DE-600)280835-3 
924 0 |9 2080  |a (DE-603)790776316  |b DE-2080  |c HES  |d d  |g /